000 00470nam a2200157 4500
001 119711
003 ES-MaACL
005 20230906191400.0
007 t|
008 070214s1947 sp r ||||1| spa d
100 1 _aPerón, Juan Domingo.
_991318
245 1 3 _aLa fuerza es el derecho de las bestias /
_cJuan Domingo Perón.
260 _aMadrid :
_b[s.n.],
_c1947 (
_fGráf. Clavileño)
300 _a392 p., 1 lám. ;
_c19 cm.
852 _aES-MaACL
_jC-12435
_bR.40892
999 _c119711
_d119711